Rana de Tres Ojos (Record no. 659)

MARC details
000 -CABECERA
campo de control de longitud fija 01096nam a22003014c 4500
003 - IDENTIFICADOR DE NUMERO DE CONTROL
campo de control AR-BaSMT
008 - CAMPOS DE LONGITUD FIJA
campo de control de longitud fija 251008t2022 spa|||ar|||| 000 0 spa d
020 ## - ISBN: Indicadores indefinidos
Número ISBN 9788417028749
040 ## - FUENTE DE CATALOGACION
Agencia de catalogación original BSGB
Idioma de catalogación español
Agencia que realiza la transcripción BSGB
Convenciones de la descripción rda
041 0# - CODIGO DE IDIOMA
Código idioma spa
Idioma original español
080 ## - CDU
CDU completo 82-34
100 1# - PUNTO DE ACCESO PRINCIPAL
Nombre de persona Dios, Olga de
Enlace autoridades 390
245 1# - MENCION DE TITULO
Título Rana de Tres Ojos
250 ## - MENCION DE EDICION
Mención de edición Primera edición.
264 #1 - PRODUCCIÓN, PUBLICACIÓN, DISTRIBUCIÓN, ETC.
Lugar de publicación, etc. Zaragoza :
Nombre editor. Apila Ediciones,
Fecha 2022.
300 ## - DESCRIPCION FISICA
Extensión 34 páginas ;
Otros detalles físicos ilustraciones color.
336 ## - TIPO DE CONTENIDO
rdacontent rda content
texto texto
txt txt
337 ## - TIPO DE MEDIO
rdamedia rdamedia
sin mediación sin mediacón
n n
338 ## - TIPO DE SOPORTE
rdacarrier rdacarrier
volumen volumen
nc nc
490 ## - TÍTULO DE LA SERIE
Título de la serie Colección Mostruo Rosa
520 1# - NOTA DE SUMARIO, RESUMEN, ETC.
Toda la nota Rana de Tres Ojos crece en un lugar contaminado. Salta muy alto para entender lo que sucede. Pronto descubre que quiere cambiar las cosas… ¿Conseguirá hacerlo sola? Un cuento para ilusionarnos con la búsqueda de soluciones comunes.
521 ## - NOTA DE PÚBLICO DESTINATARIO
Nota de audiencia Jardín
650 #7 - PUNTO DE ACCESO ADICIONAL DE MATERIA – TÉRMINO TEMÁTICO
Enlace autoridades 8
Término de materia o nombre geográfico como elemento de entrada LITERATURA INFANTIL
Subdivisión geográfica España
650 #7 - PUNTO DE ACCESO ADICIONAL DE MATERIA – TÉRMINO TEMÁTICO
Enlace autoridades 23
Término de materia o nombre geográfico como elemento de entrada CUENTO
Subdivisión geográfica España
653 ## - PUNTO DE ACCESO ADICIONAL DE MATERIA – TÉRMINO NO CONTROLADO
Término de indización no controlado Emociones
-- Respeto
-- Empatía
-- Convivencia
942 ## - ELEMENTOS AGREGADOS (KOHA)
CDU Clasificación Decimal Dewey
Tipo de ítem Libros
Holdings
Disponible Perdido Fuente de clasificación Estado Ubicación permanente Locación actual Estante o sala Fuente de adquisición Número de inventario Total préstamos Signatura topográfica Código de barras Numero de ejemplar Tipo de item de Koha Calificador de localización códificado
    Clasificación Decimal Dewey   Biblioteca Susana G. De Batemarco Biblioteca Susana G. De Batemarco Jardín Compra feria del libro 2026 000968   82-34 DIO 000968 1 Libros  

Powered by Koha